|
|
|
|
| LEADER |
00000cam a2200000 c 4500 |
| 001 |
1627808310 |
| 003 |
DE-627 |
| 005 |
20251225203532.0 |
| 007 |
tu |
| 008 |
941025s1992 xx ||||| 00| ||eng c |
| 010 |
|
|
|a 93152173
|
| 020 |
|
|
|a 0907247172
|9 0-907247-17-2
|
| 035 |
|
|
|a (DE-627)1627808310
|
| 035 |
|
|
|a (DE-576)041712358
|
| 035 |
|
|
|a (DE-599)BSZ041712358
|
| 035 |
|
|
|a (OCoLC)27005837
|
| 040 |
|
|
|a DE-627
|b ger
|c DE-627
|e rakwb
|
| 041 |
|
|
|a eng
|
| 082 |
0 |
|
|a 344.10714
|
| 082 |
0 |
|
|a 347.41/014
|
| 245 |
0 |
4 |
|a The judiciary in England and Wales
|c a report by Justice. Chairman of committee Robert Stevens
|
| 264 |
|
1 |
|a London
|c 1992
|
| 300 |
|
|
|a 81 S.
|
| 336 |
|
|
|a Text
|b txt
|2 rdacontent
|
| 337 |
|
|
|a ohne Hilfsmittel zu benutzen
|b n
|2 rdamedia
|
| 338 |
|
|
|a Band
|b nc
|2 rdacarrier
|
| 583 |
1 |
|
|a Archivierung prüfen
|c 20200919
|f DE-640
|z 2
|2 pdager
|
| 700 |
1 |
|
|a Stevens, Robert
|0 (DE-627)123319559X
|0 (DE-576)163195595
|4 oth
|
| 710 |
2 |
|
|a Justice
|g Körperschaft
|0 (DE-588)14129-X
|0 (DE-627)100427138
|0 (DE-576)190234865
|4 oth
|
| 951 |
|
|
|a BO
|
| ELC |
|
|
|b 1
|
| LOK |
|
|
|0 000 xxxxxcx a22 zn 4500
|
| LOK |
|
|
|0 001 3271635978
|
| LOK |
|
|
|0 003 DE-627
|
| LOK |
|
|
|0 004 1627808310
|
| LOK |
|
|
|0 005 19980110000000
|
| LOK |
|
|
|0 008 941025||||||||||||||||ger|||||||
|
| LOK |
|
|
|0 040
|a DE-21
|c DE-627
|d DE-21
|
| LOK |
|
|
|0 852
|a DE-21
|
| LOK |
|
|
|0 852 1
|c KB 8 E 5177
|9 00
|
| LOK |
|
|
|0 935
|a krim
|
| LOK |
|
|
|0 936ln
|a k2.1
|
| LOK |
|
|
|0 939
|a 25-10-94
|b l01
|
| ORI |
|
|
|a SA-MARC-krimdoka001.raw
|
| SIG |
|
|
|a UB: KB 8 E 5177
|